000 00639nas a2200229 4500
001 BR9203215
003 BR-BrBNA
005 20231205092620.0
007 ta
008 230509b bl.|||p| |||| 00| 00por d
040 _aBR-BrBNA
_bpor
_cBiblioteca Nacional de Agricultura
041 _a(Pt)
072 _aN10; L01
100 1 _aVilhena, A.
245 1 _aPrea; a criacao em cativeiro
650 _aPREA
650 _aINSTALACAO PARA ANIMAL
650 _aCRIACAO
773 0 _tManchete Rural (Brazil)
_xISSN 0102-8901
_g(Oct 1988), v. 2(19) p. 133-134
_wBR9203215
909 _a202311
_bLúcia
_c55
_dLúcia Elande
942 _2AGRIS
_n0
_cANA
999 _c132895
_d132895